| 000 | 00805nam a2200265 a 4500 | ||
|---|---|---|---|
| 001 | 58007 | ||
| 003 | Mx-PuUPA | ||
| 005 | 20231121134950.0 | ||
| 008 | 140415s2004 xxua r 000 0 spa d | ||
| 020 | _a0440237017 | ||
| 040 |
_aMX-PuUPA _bspa _erda _cMx-PuUPA _dMx-PuUPA |
||
| 041 | 0 | _aspa | |
| 082 | 0 | 4 |
_a423 _bAME _222 |
| 110 | 2 |
_aHoughton, Mifflin and Company, _97716 |
|
| 245 | 1 | 4 |
_aThe american heritage : _bdic.tion.ar.y. |
| 250 | _aFourth edition | ||
| 264 | 1 |
_aNew York, New York : _bBantam Dell, _c2001 |
|
| 300 |
_aiv, 951 páginas ; _c18 cm |
||
| 336 |
_atexto _2rdacontent |
||
| 337 |
_asin medio _2rdamedia |
||
| 338 |
_avolumen _2rdacarrier |
||
| 650 | 7 |
_aInglés _vEnciclopedias y diccionarios _2armarc |
|
| 650 | 7 |
_aLingüistica _vEnciclopedias y diccionarios _2armarc |
|
| 942 |
_2ddc _cLI |
||
| 999 |
_c58007 _d58007 |
||